| 000 | 00889nam a22002417a 4500 | ||
|---|---|---|---|
| 999 |
_c16542 _d16542 |
||
| 003 | AR-CdUCM | ||
| 008 | 190503b ||||| |||| 00| 0 spa d | ||
| 040 |
_aMUNICIPALIDAD PROVINCIAL DEL CUSCO _cBIBLIOTECA MUNICIPAL DEL CUSCO |
||
| 082 |
_a308 / _bM26 |
||
| 100 |
_aMarx, Carlos _92702 |
||
| 245 | _aLa emancipación de la mujer / | ||
| 260 |
_aMéxico D. F. : _bGrijalbo, _c1970. |
||
| 300 |
_a160 páginas ; _c19 cm. |
||
| 440 |
_aColección 70 / Segunda serie. _n79 _936037 |
||
| 505 | _aContenido: Situación de la mujer en la sociedad Burguesa -- La mujer en la revolución -- El matrimonio en la historia -- La liberación de la mujer. | ||
| 650 |
_aDerecho _9739 |
||
| 650 |
_aLa mujer _936038 |
||
| 650 |
_aHistoria _9136 |
||
| 700 |
_aEngels, Friedrich _99821 |
||
| 710 |
_aLenin, Vladimir Ilich ... (coautores) _936039 |
||
| 942 |
_2ddc _cLIBROS |
||
| 945 |
_aachl _d2019-05-03 |
||